=LDR 00000nam 2200000 4500 =001 INLIS000000000007442 =005 20130612095436 =008 ***********************************Ind** =035 ##$$0010-061300000007442 =041 ##$$a Ind =082 ##$$a 519.4 =090 ##$$a 519.4, Had a =100 ##$$a HADI, Sutrisno =245 ##$$a Analisa butir untuk instrumen, Sutrisno Hadi. -- =260 ##$$a 1991 $b Yogyakarta =300 ##$$a ix, 126 hlm, 21 cm =650 ##$$a Analisa Numerik